¡Indignaos! : (Registro nro. 7018)
[ vista simple ]
| 000 -LEADER | |
|---|---|
| fixed length control field | 01093nam a22002777a 4500 |
| 003 - CONTROL NUMBER IDENTIFIER | |
| control field | OSt |
| 005 - DATE AND TIME OF LATEST TRANSACTION | |
| control field | 20201202115446.0 |
| 008 - FIXED-LENGTH DATA ELEMENTS--GENERAL INFORMATION | |
| fixed length control field | 201202s2012 ck ||||gr|||| 00| 0dspa d |
| 020 ## - INTERNATIONAL STANDARD BOOK NUMBER | |
| International Standard Book Number | 9789584230003 |
| 040 ## - CATALOGING SOURCE | |
| Original cataloging agency | CO-JMCR |
| Transcribing agency | CO-JMCR |
| 041 1# - LANGUAGE CODE | |
| Language code of text/sound track or separate title | spa |
| Language code of original | eng |
| 082 04 - DEWEY DECIMAL CLASSIFICATION NUMBER | |
| Classification number | 323.044 / |
| Item number | H587i |
| Edition number | 23 |
| 100 1# - MAIN ENTRY--PERSONAL NAME | |
| Personal name | Hessel, Stéphane, |
| Relator term | autor |
| 9 (RLIN) | 12424 |
| 245 1# - TITLE STATEMENT | |
| Title | ¡Indignaos! : |
| Remainder of title | un alegato contra la indiferencia y a favor de la insurrección pacífica / |
| Statement of responsibility, etc. | Stéphane Hessel ; traducción de Telmo Moreno Lanaspa |
| 260 ## - PUBLICATION, DISTRIBUTION, ETC. | |
| Place of publication, distribution, etc. | Bogotá : |
| Name of publisher, distributor, etc. | Planeta, |
| Date of publication, distribution, etc. | 2012 |
| 300 ## - PHYSICAL DESCRIPTION | |
| Extent | 60 páginas ; |
| Dimensions | 19 cm. |
| 490 ## - SERIES STATEMENT | |
| Series statement | Colección Imago Mundi ; |
| Volume/sequential designation | V.195. |
| 500 ## - GENERAL NOTE | |
| General note | Datos biográficos del autor en solapa frontal. |
| 520 0# - SUMMARY, ETC. | |
| Summary, etc. | Hoy se trata de no sucumbir bajo el huracán destructor del conocimiento voraz y de la distracción mediática mientras nos aplican los recortes. |
| 546 ## - LANGUAGE NOTE | |
| Language note | Traducción del inglés. |
| 650 24 - SUBJECT ADDED ENTRY--TOPICAL TERM | |
| Topical term or geographic name entry element | Pacifismo |
| 9 (RLIN) | 12425 |
| 650 24 - SUBJECT ADDED ENTRY--TOPICAL TERM | |
| Topical term or geographic name entry element | Derechos humanos |
| 9 (RLIN) | 12426 |
| 650 24 - SUBJECT ADDED ENTRY--TOPICAL TERM | |
| Topical term or geographic name entry element | Cambio (Sociología) |
| 9 (RLIN) | 12427 |
| 700 1# - ADDED ENTRY--PERSONAL NAME | |
| Personal name | Moreno Lanaspa, Telmo, |
| Relator term | traductor |
| 9 (RLIN) | 12428 |
| 942 ## - ADDED ENTRY ELEMENTS (KOHA) | |
| Source of classification or shelving scheme | Dewey Decimal Classification |
| Koha item type | Books |
| Withdrawn status | Lost status | Source of classification or shelving scheme | Damaged status | Not for loan | Home library | Current library | Shelving location | Date acquired | Source of acquisition | Full call number | Barcode | Date last seen | Copy number | Price effective from | Koha item type |
|---|---|---|---|---|---|---|---|---|---|---|---|---|---|---|---|
| Dewey Decimal Classification | Biblioteca Pública José María del Castillo y Rada | Biblioteca Pública José María del Castillo y Rada | General Stacks | 04/15/2018 | Donación | 323.044 / H587i | 201810221 | 05/16/2024 | Ej.1 | 04/15/2018 | Books |